| 000 | 00348nam a22001457a 4500 | ||
|---|---|---|---|
| 005 | 20250924161812.0 | ||
| 008 | 250924b |||||||| |||| 00| 0 eng d | ||
| 020 | _a9780333523094 | ||
| 050 |
_aSF383 _bSTE |
||
| 100 | _aSTEELE MIKE | ||
| 245 | _aGOATS | ||
| 260 |
_aUSA _bMACMILLAN PUBLISHERS LTD _c1996 |
||
| 300 | _aviii,152p | ||
| 942 |
_2lcc _cBK _n0 |
||
| 999 |
_c7696 _d7696 |
||